000
00220nam a2200097Ia 4500
008
190216s9999||||xx |||||||||||||| ||und||
100
_a
Bhaskaran P
245
0
_a
Malayalam-Villali
260
_b
Current Books
942
_c
BK
999
_c
23608
_d
23608